000 01654nam0a2200301 i 4500
001 RU\NLR\BIBL_A\011456435
005 20241103090641.0
010 _a9785808811799
_950
021 _aRU
_b2017-54204
_93860
035 _a(RuMoRGB)008945286
035 _a(NLR Aleph) 011456435
090 _a11779557
_c11779558
100 _a20170816d2017 u y0rusy50 ca
101 0 _arus
102 _aRU
105 _aa|||j|||000yy
200 1 _aЧисленные методы вычислительной математики
_eучебное пособие
_e[для студентов дневного, вечернего и заочного отделений]
_fС.Д. Шапорев
_gМинистерство образования и науки Российской Федерации, Федеральное государственное бюджетное образовательное учреждение высшего образования Санкт-Петербургский государственный университет аэрокосмического приборостроения
210 _aСанкт-Петербург
_cГУАП
_d2017
215 _a278 с.
_cил.
_d21
320 _aБиблиогр.: с. 274 (9 назв.)
606 _aЧисленный анализ
_jУчебные издания для высших учебных заведений
_9925112
_3RU\NLR\AUTH\6621023
686 _aВ192.1я73-1
_2rubbk
686 1 _aВ192.1я73-1
700 1 _aШапорев
_bС. Д.
_gСергей Дмитриевич
942 _cBOOK
980 _aNBR